| 000 | 00590nam a22001577a 4500 | ||
|---|---|---|---|
| 003 | NUST | ||
| 082 | _a610 | ||
| 100 |
_a Rasool ,Hassan Nawazish _9122367 |
||
| 245 |
_aDevelopment of Portable Photo Spectrometer for Classification of Biomedical Fluids using Neural Network / _cHassan Nawazish Rasool |
||
| 264 |
_aIslamabad: _bSMME- NUST. _c2021. |
||
| 300 |
_a67p. ; _b Soft Copy, _c30cm. |
||
| 650 |
_aMS Biomedical Engineering (BME) _9119509 |
||
| 700 |
_aSupervisor : Dr. Umar Ansari _9122061 |
||
| 856 | _uhttp://10.250.8.41:8080/xmlui/handle/123456789/25493 | ||
| 942 |
_2ddc _cTHE |
||
| 999 |
_c608864 _d608864 |
||